Which Element are These Genshin Impact Characters - Statistics

General Stats
  • This quiz has been taken 191 times
  • The average score is 31 of 35
Answer Stats
Hint Answer % Correct
95%
95%
95%
94%
93%
93%
93%
93%
93%
92%
92%
92%
91%
91%
91%
91%
91%
91%
90%
90%
89%
89%
89%
89%
88%
88%
87%
87%
87%
87%
87%
86%
86%
85%
83%
No matching quizzes found
Score Distribution
Percent of People with Each Score
Percentile by Number Answered
Your Score History
You have not taken this quiz